El control de calidad en los registros de la base de datos LIBRUNAM a través de los catálogos de autoridad : una experiencia práctica /

Contiene: I. 1) Conceptos generales; 2) Control de autoridad; 3) Conceptos relacionados con el control de autoridad; 4) Ventajas y desventajas de las autoridades en la recuperación de la información. II. 1) Autoridades en la Dirección General de Bibliotecas de la UNAM; 2) Antecedentes; 3) Formato MA...

Descrizione completa

Salvato in:
Dettagli Bibliografici
Autore principale: García López, Carlos (autor)
Altri autori: Sánchez Luna, Blanca E. (colaboración) (colaboración), Ramos Díaz, María de los Angeles (colaboración) (colaboración), Hernández Herrera, Margarita (colaboración) (colaboración)
Natura: Libro
Lingua:spagnolo
Pubblicazione: México : UNAM, Dirección General de Bibliotecas, 1999, c1999
Soggetti:
Tags: Aggiungi Tag
Nessun Tag, puoi essere il primo ad aggiungerne!!

MARC

LEADER 00000nam^a2200000^a^4500
001 000297292
005 20250521000000.0
009 20260310112333.859
020 |a 968-36-8010-0 
037 |a Acervo ITESO - Biblioteca 
041 |a ESP 
082 |a 025. 3132  |b GAR 
100 |a García López, Carlos  |e (autor) 
245 1 3 |a El control de calidad en los registros de la base de datos LIBRUNAM a través de los catálogos de autoridad :  |b una experiencia práctica /  |c C. García López ; colaboración de B.E. Sánchez Luna, M.A. Ramos Díaz, M. Hernández Herrera. 
264 4 |a México :  |b UNAM, Dirección General de Bibliotecas,  |c 1999, c1999 
300 |a 92 p. 
336 |a texto  |b txt  |2 rdacontenido 
337 |a sin mediación  |b n  |2 rdamedio 
338 |a volumen  |b nc  |2 rdasoporte 
520 |a Contiene: I. 1) Conceptos generales; 2) Control de autoridad; 3) Conceptos relacionados con el control de autoridad; 4) Ventajas y desventajas de las autoridades en la recuperación de la información. II. 1) Autoridades en la Dirección General de Bibliotecas de la UNAM; 2) Antecedentes; 3) Formato MARC para autoridades; 4) Mantenimiento; 5) Ejemplos ilustrativos. 
649 |a XX 
650 |a Bibliotecas 
650 |a Catálogos de Autoridades -  |x Tema Principal 
650 |a Catálogos de Bibliotecas 
650 |a Catalogación 
650 |a Código Marc 
650 |a Automatización 
650 |a Bases de Datos 
650 |a Sistemas de Información 
650 |a Biblioteconomía 
700 |a Sánchez Luna, Blanca E.  |e (colaboración) 
700 |a Ramos Díaz, María de los Angeles  |e (colaboración) 
700 |a Hernández Herrera, Margarita  |e (colaboración) 
910 |a Fondo General 
920 |a Impresos - Libros 
930 |a Obras de Referencia 
940 |a Biblioteconomía 
905 |a 102 
901 |a 0500183209  |b IT2  |c REF  |i C59945  |u 20250521 
902 |a https://opac.biblio.iteso.mx/vufind/Record/000297292